| 000 | 00471nam a2200181Ia 4500 | ||
|---|---|---|---|
| 001 | 23024 | ||
| 005 | 20260414150909.0 | ||
| 008 | 260414t2019||||xx |||||||||||||| ||spa|| | ||
| 041 | _aESP | ||
| 082 |
_a624.1762 _bZ64 |
||
| 100 |
_aZembaty, Zbigniew _eAUT |
||
| 245 | 0 |
_aSeismic behaviour and design of irregular and complex civil structures II _b |
|
| 260 | _c2019 | ||
| 300 |
_a346 páginas : _c23 cm. |
||
| 650 | _a0 | ||
| 654 | _aCIC | ||
| 942 |
_cLIB _dJUS _fJUS _2ddc _n |
||
| 999 |
_c23024 _d23024 |
||